Mulla Nasruddin Lataif / (Record no. 609894)
[ view plain ]
| 000 -LEADER | |
|---|---|
| fixed length control field | 00355nam a22001337a 4500 |
| 082 ## - DEWEY DECIMAL CLASSIFICATION NUMBER | |
| Classification number | 891.4397 |
| Author Mark | TOQ |
| 100 ## - MAIN ENTRY--PERSONAL NAME | |
| Personal name | Toqar, Dr. Khalil |
| 245 ## - TITLE STATEMENT | |
| Title | Mulla Nasruddin Lataif / |
| Statement of responsibility, etc. | Dr. Khalil Toqar |
| 260 ## - PUBLICATION, DISTRIBUTION, ETC. | |
| Place of publication, distribution, etc. | Bahawalpur: |
| Name of publisher, distributor, etc. | Urdu Ghar publications; |
| Date of publication, distribution, etc. | 2014. |
| 300 ## - PHYSICAL DESCRIPTION | |
| Extent | 131p. |
| 563 ## - BINDING INFORMATION | |
| Binding note | HB |
| 650 ## - SUBJECT ADDED ENTRY--TOPICAL TERM | |
| Topical term or geographic name entry element | Fanoon |
| -- | mazahiyat |
| 942 ## - ADDED ENTRY ELEMENTS (KOHA) | |
| Source of classification or shelving scheme | |
| Koha item type | Book |
| 650 ## - SUBJECT ADDED ENTRY--TOPICAL TERM | |
| -- | 123834 |
| Withdrawn status | Lost status | Source of classification or shelving scheme | Materials specified (bound volume or other part) | Damaged status | Not for loan | Permanent Location | Current Location | Date acquired | Source of acquisition | Total Checkouts | Full call number | Barcode | Checked out | Date last seen | Date last checked out | Price effective from | Koha item type |
|---|---|---|---|---|---|---|---|---|---|---|---|---|---|---|---|---|---|
| Donated by Mr. Faizan Mansoor BEE-13-C, SEECS 2021 | Central Library (CL) | Central Library (CL) | 06/26/2024 | Donation | 2 | 891.4397 TOQ | CL-D-2620 | 05/15/2026 | 04/15/2026 | 04/15/2026 | 06/26/2024 | Book |
